000 00354nam a22001337a 4500
008 130503b xxu||||| |||| 00| 0 eng d
050 _b3
082 _222 ED
_a348.42 ALL
100 _aPETER HUTCHESSON
245 _aThe All England Report 1990 Vol 3
_c HUETERTCHESSON PETER
260 _aLONDON
_bLONDON
300 _axvi.;992 P
_c23cm
942 _2ddc
_cLRT
999 _c5355
_d5355